Statistiques concernant Expressions de la langue française utilisant le mot tête

Cliquez ici pour prendre le quiz!

Statistiques générales

  • Ce quiz a été pris 169 fois
  • Le résultat moyen est 23 sur 35

Statistiques - réponses

ExpressionMot manquant% Correct
étourdi, avoir la tête en l'....air
98%
aucun sens : ni .... ni têtequeue
93%
réaliste : avoir la tête sur les ....épaules
92%
ne pas écouter autrui : n'en.....qu' à sa têtefaire
92%
de haut en bas : de la tête aux ....pieds
92%
être distrait : avoir la tête .... (autre part)ailleurs
86%
rêver : avoir la tête dans les ....nuages
86%
se cogner la tête contre les ....murs
85%
avoir une ... de Damoclès au dessus de la têteépée
84%
se donner trop d'importance : avoir la .... têtegrosse
84%
résister : .... tête à quelqu'untenir
84%
on a envie de gifler une tête à ......claques
82%
en être absolument sûr :mettre sa tête à ....couper
82%
parle à mon ...., ma tête est maladecul
82%
à très haute voix : à ... têtetue
82%
être tétu : tête de .... (animal)mule
81%
importuner : chercher des .... dans la tête de quelqu'unpoux
80%
plonger : piquer une tête dans la ....piscine
77%
souffre-douleur : être la tête de ..... de quelqu'unturc
77%
cette ... me trotte dans la têteidée
75%
jeu de patience : casse-tête ......chinois
74%
devenir fou : .... la têteperdre
73%
en fonction de la personne : à la tête du ....client
66%
se moquer, se .... la tête de quelqu'unpayer
59%
casse-cou : tête .....brûlée
52%
à l'encontre du bon sens : .... sur la têtemarcher
50%
par individu : par tête de ....pipe
44%
bouder : faire sa tête de ....cochon
42%
réfléchir beaucoup : se ... la têtecreuser
39%
personne tétue : tête de ... (outil)pioche
39%
avec audace,sans réfléchir: .... en têtebille
35%
personne intelligente : tête d'.....ampoule
26%
personne stupide : tête de .....noeud
22%
se mettre facilement en colère :avoir la tête près du ....bonnet
20%
avoir beaucoup d'avance : ... en têtecaracoler
7%

Distribution des résultats

Percentile par nombre de réponses

% des personnes avec chaque résultat

Votre développement - résultats

Vous n’avez pas pris ce quiz